Budovanie systému manažérstva kvality pomocou manažérstva projektovania
Naznačenie niektorých smerov, ktorými by sa organizácie mohli uberať pri rozhodovaní o potrebe zaviesť systém manažérstva kvality. Prechod zo systému kvality podľa súboru noriem EN ISO 9000:1994 na systém manažérstva kvality podľa súboru noriem EN ISO 9000:2000. Proces budovania systému kvality v št...
Salvato in:
| Autore principale: | |
|---|---|
| Natura: | Capitolo di libro |
| Lingua: | slovacco |
| Soggetti: | |
| Tags: |
Nessun Tag, puoi essere il primo ad aggiungerne!!
|
MARC
| LEADER | 00000naa a2200000 4500 | ||
|---|---|---|---|
| 001 | r044716 | ||
| 005 | 20231002070256.9 | ||
| 041 | 0 | |a slo | |
| 044 | |a SK | ||
| 245 | 1 | 0 | |a Budovanie systému manažérstva kvality pomocou manažérstva projektovania |c Ivan Fried |
| 520 | |a Naznačenie niektorých smerov, ktorými by sa organizácie mohli uberať pri rozhodovaní o potrebe zaviesť systém manažérstva kvality. Prechod zo systému kvality podľa súboru noriem EN ISO 9000:1994 na systém manažérstva kvality podľa súboru noriem EN ISO 9000:2000. Proces budovania systému kvality v štyroch štádiách: Štádium predprojektovej prípravy. Štádium projektovania systému manažérstva kvality. Zavádzanie systému. Prevádzka, udržiavanie a zlepšovanie systému. | ||
| 610 | 2 | 0 | |a systém riadenia kvality |
| 610 | 2 | 0 | |a systémy kvality |
| 610 | 2 | 0 | |a normy kvality |
| 610 | 2 | 0 | |a zmeny organizačné |
| 610 | 2 | 0 | |a projektovanie |
| 610 | 2 | 0 | |a príprava predprojektová |
| 610 | 2 | 0 | |a normy ISO |
| 610 | 2 | 0 | |a riadenie kvality |
| 100 | 1 | |a Fried, Ivan | |